| 000 | 00000nas 2200000zi 4500 |
| 001 | 9.936920 |
| 003 | CaOODSP |
| 005 | 20250414094702 |
| 006 | m o d f |
| 007 | cr ||||||||||| |
| 008 | 240416c20219999mbcar p o f0###b0fre|d |
| 040 | |aCaOODSP|bfre|erda|cCaOODSP |
| 043 | |an-cn--- |
| 086 | 1 |aCC192-5F-PDF |
| 110 | 2 |aOffice de commercialisation du poisson d'eau douce (Canada)|eauteur, |eorganisme de publication. |
| 245 | 10|aRapport annuel sur la Loi sur l'accès à l'information et la Loi sur la protection des renseignements personnels pour la période allant du 1er avril ... au 31 mars ... |
| 264 | 1|a[Winnipeg] : |bOffice de commercialisation du poisson d'eau douce, |c[2021]- |
| 310 | |aAnnuel |
| 336 | |atexte|btxt|2rdacontent/fre |
| 337 | |ainformatique|bc|2rdamedia/fre |
| 338 | |aressource en ligne|bcr|2rdacarrier/fre |
| 362 | 1 |aParaît depuis : 2020/2021. |
| 500 | |aL'année d'activité se termine le 31 mars. |
| 500 | |aPublié aussi en anglais sous le titre : Annual report on the Access to Information Act and the Privacy Act for the period April 1, ... to March 31, ... |
| 588 | |aDescription d'après : 2020/2021; titre de la page couverture du fichier PDF. |
| 588 | |aDernière livraison consultée : 2020/2021. |
| 610 | 26|aOffice de commercialisation du poisson d'eau douce (Canada)|vPériodiques. |
| 610 | 16|aCanada. |tLoi sur l'accès à l'information|vPériodiques. |
| 610 | 16|aCanada. |tLoi sur la protection des renseignements personnels|vPériodiques. |
| 650 | 6|aInformation sur l'État|zCanada|vPériodiques. |
| 650 | 6|aLiberté d'information|zCanada|vPériodiques. |
| 650 | 6|aDroit à la vie privée|zCanada|vPériodiques. |
| 655 | 7|aPériodiques|2rvmgf |
| 775 | 08|tAnnual report on the Access to Information Act and the Privacy Act for the period April 1, ... to March 31, ...|w(CaOODSP)9.936919 |
| 780 | 00|tRapport annuel sur la Loi sur l'accès à l'information pour la période allant du 1er avril ... au 31 mars ...|w(CaOODSP)9.936840 |